| 000 | 00425cam a2200157ua 4500 | ||
|---|---|---|---|
| 041 |
_amal _h |
||
| 082 |
_a894.812301 _bSAN/ME |
||
| 100 | _aSankaran, Changarangumarath . | ||
| 245 |
_aMeghasandesa vivarthanangal / _cChangarangumarath Sankaran. _hTextual Documents |
||
| 250 |
_a1 / _b. |
||
| 260 |
_aThrissur : _bSiddhartha Book House , _c1956. |
||
| 300 | _a78 ; . | ||
| 504 | _a | ||
| 942 | _cBK | ||
| 999 |
_c11513 _d11513 |
||